[Event "5th American Continental"]
[Site "Sao Paulo BRA"]
[Date "2009.07.27"]
[Round "4.28"]
[White "Perez, Federico"]
[Black "Gattass, Allan"]
[Result "1-0"]
[WhiteElo "2435"]
[BlackElo "2249"]
[EventDate "2009.07.25"]
[PlyCount "49"]

1.e4 c5 2.Nf3 d6 3.d4 cxd4 4.Nxd4 Nf6 5.Nc3 a6 6.Bg5 e6 7.f4 Qb6 8.Qd2 
Qxb2 9.Rb1 Qa3 10.e5 dxe5 11.fxe5 Nfd7 12.Ne4 Qxa2 13.Rb3 h6 14.Qc3 Nc6 
15.Nxc6 hxg5 16.Na7 Nc5 17.Nxc5 Rxa7 18.Nxa6 Bd7 19.Bb5 Bb4 20.Bxd7+ Kxd7 
21.Nxb4 Qa1+ 22.Kf2 Qxc3 23.Rd1+ Kc7 24.Rxc3+ Kb6 25.Nd5+ 1-0

[Event "5th American Continental"]
[Site "Sao Paulo BRA"]
[Date "2009.07.27"]
[Round "4.29"]
[White "Cori Tello, Jorge"]
[Black "Alvarez Ramirez, Miguel Angel"]
[Result "1-0"]
[WhiteElo "2424"]
[BlackElo "2236"]
[EventDate "2009.07.25"]
[PlyCount "105"]

1.e4 c5 2.Nf3 d6 3.Bb5+ Nc6 4.O-O Bd7 5.c3 Nf6 6.Re1 a6 7.Bf1 Bg4 8.h3 Bh5
9.d3 e6 10.Nbd2 Nd7 11.Be2 Be7 12.Nf1 O-O 13.Ng3 Bg6 14.Bf4 d5 15.exd5 
exd5 16.Qd2 Re8 17.Bf1 Nf8 18.d4 Ne6 19.dxc5 Bxc5 20.b4 Ba7 21.Rad1 Nxf4 
22.Rxe8+ Qxe8 23.Qxf4 Rd8 24.a3 h6 25.Bd3 Bxd3 26.Rxd3 Qe6 27.Nf5 Qe4 28.
Qxe4 dxe4 29.Rxd8+ Nxd8 30.Nd2 g6 31.Nxh6+ Kg7 32.Ng4 f5 33.Ne3 f4 34.Nd5 
e3 35.Nf3 exf2+ 36.Kf1 Ne6 37.c4 Be3 38.g3 g5 39.Ne5 Bc1 40.gxf4 Bxa3 41.
f5 Nf4 42.f6+ Kf8 43.Nxf4 gxf4 44.Nd3 Kf7 45.Kxf2 Kxf6 46.Kf3 b6 47.Kxf4 
a5 48.c5 bxc5 49.bxa5 c4 50.Nf2 c3 51.Ne4+ Kg6 52.Nxc3 Bb4 53.a6 1-0

[Event "5th American Continental"]
[Site "Sao Paulo BRA"]
[Date "2009.07.27"]
[Round "4.31"]
[White "Name, Gabriel Ricardo Salim"]
[Black "Perdomo, Leandro"]
[Result "0-1"]
[WhiteElo "2226"]
[BlackElo "2409"]
[EventDate "2009.07.25"]
[PlyCount "68"]

1.d4 Nf6 2.c4 g6 3.Nc3 Bg7 4.e4 d6 5.f3 O-O 6.Be3 Nbd7 7.Bd3 c5 8.d5 Ne5 
9.Be2 a6 10.g4 b5 11.cxb5 axb5 12.Nxb5 Ba6 13.a4 c4 14.Nd4 Qb6 15.g5 Nfd7 
16.Nf5 Nc5 17.Nxe7+ Kh8 18.Kf1 Qxb2 19.Bd4 Qb7 20.Nc6 Nb3 21.Bxe5 Bxe5 22.
Ra2 Bb5 23.Nxe5 dxe5 24.Qe1 Bxa4 25.Rb2 Rfc8 26.Qc3 Qe7 27.f4 Nc5 28.Nf3 
Nxe4 29.Qxe5+ Qxe5 30.fxe5 c3 31.Rb1 c2 32.Rc1 Nc3 33.Bd3 Nxd5 34.Be4 Ra5 
0-1

[Event "5th American Continental"]
[Site "Sao Paulo BRA"]
[Date "2009.07.27"]
[Round "4.32"]
[White "Mosquera Klinger, Miguel"]
[Black "Ramon Pita, Vivian"]
[Result "1-0"]
[WhiteElo "2393"]
[BlackElo "2233"]
[EventDate "2009.07.25"]
[PlyCount "77"]

1.d4 e6 2.e4 d5 3.Nc3 Bb4 4.e5 c5 5.a3 Ba5 6.b4 cxd4 7.Qg4 Ne7 8.Nb5 Bc7 
9.Qxg7 Rg8 10.Qxh7 a6 11.Nxc7+ Qxc7 12.Ne2 Qxe5 13.Qd3 Nbc6 14.Bb2 Bd7 15.
O-O-O Nf5 16.Nxd4 Ncxd4 17.Bxd4 Nxd4 18.Qxd4 Qc7 19.f4 Rc8 20.Rd2 Qc6 21.
Kb2 Qa4 22.Bd3 Bb5 23.f5 Bxd3 24.Qxd3 Rg4 25.fxe6 fxe6 26.Re1 Qc6 27.Rde2 
Kd7 28.Qh7+ Kd8 29.Rxe6 Qc3+ 30.Kb1 Rg7 31.Qh4+ Kd7 32.Re7+ Kc6 33.R1e3 
Qd2 34.Rxg7 Qxe3 35.Qf6+ Kb5 36.Rxb7+ Kc4 37.Kb2 Qd2 38.Qxa6+ Kd4 39.Qb6+ 
1-0

[Event "5th American Continental"]
[Site "Sao Paulo BRA"]
[Date "2009.07.27"]
[Round "4.33"]
[White "Barata, Adriano Albiani"]
[Black "Cori Tello, Deysi"]
[Result "1-0"]
[WhiteElo "2220"]
[BlackElo "2390"]
[EventDate "2009.07.25"]
[PlyCount "89"]

1.e4 e6 2.d4 d5 3.Nc3 Nf6 4.e5 Nfd7 5.f4 c5 6.Nf3 Nc6 7.Be3 a6 8.Qd2 b5 9.
dxc5 Bxc5 10.Ne2 Qe7 11.Ned4 Nxd4 12.Bxd4 f6 13.O-O-O O-O 14.Qe3 fxe5 15.
fxe5 Bb7 16.h4 Bxd4 17.Nxd4 Nc5 18.Rh3 Rac8 19.Be2 Kh8 20.Bg4 Rce8 21.Rdh1
Ne4 22.Rf3 Bc8 23.Rhf1 Rg8 24.g3 Qc7 25.Bh5 Re7 26.Bf7 Rxf7 27.Rxf7 Qxe5 
28.Nc6 Qxg3 29.Qxg3 Nxg3 30.Ne7 Nxf1 31.Nxg8 Kxg8 32.Rc7 Ng3 33.Rxc8+ Kf7 
34.Ra8 h5 35.Rxa6 g5 36.hxg5 h4 37.g6+ Kxg6 38.Rxe6+ Kg5 39.Re5+ Kf4 40.
Rxd5 h3 41.Rd2 Ne4 42.Re2 Kf3 43.Kd1 Kf4 44.Ke1 Kf3 45.a3 1-0

[Event "5th American Continental"]
[Site "Sao Paulo BRA"]
[Date "2009.07.27"]
[Round "4.35"]
[White "Paiva, Pedro Henrique de"]
[Black "Rodi, Luis Ernesto"]
[Result "1/2-1/2"]
[WhiteElo "2195"]
[BlackElo "2375"]
[EventDate "2009.07.25"]
[PlyCount "126"]

1.e4 e5 2.Nf3 Nc6 3.Bb5 a6 4.Ba4 Nf6 5.O-O b5 6.Bb3 Bb7 7.Re1 Bc5 8.c3 d6 
9.a4 h6 10.d4 Bb6 11.axb5 axb5 12.Rxa8 Qxa8 13.Na3 O-O 14.d5 Ne7 15.Be3 
Bxe3 16.Rxe3 Ng4 17.Re1 Qa7 18.Qd2 f5 19.exf5 Nxf5 20.h3 Nh4 21.hxg4 Rxf3 
22.Re3 Rf4 23.Rxe5 dxe5 24.d6+ Kh7 25.d7 Rxg4 26.d8=Q Nf3+ 27.Kh1 Rh4+ 28.
Qxh4 Nxh4 29.Qd3+ e4 30.Qg3 Nf5 31.Qf4 Qc5 32.Nc2 g5 33.Qd2 Qd6 34.Qe2 Bc6
35.Nb4 Kg7 36.Bc2 Bd7 37.Qxe4 Qe7 38.Qd5 Nd6 39.Qd4+ Kg8 40.Nd5 Qe1+ 41.
Kh2 Bf5 42.Bxf5 Nxf5 43.Qf6 c6 44.Qg6+ Ng7 45.Nf6+ Kf8 46.Ng4 Qe6 47.Qxe6 
Nxe6 48.Nxh6 Nc5 49.Nf5 Na4 50.Nd4 Nxb2 51.Nxc6 Nd1 52.Nd4 Nxc3 53.Kg3 Ke7
54.Kf3 Kf6 55.Ke3 b4 56.f3 Nd5+ 57.Ke4 Nc3+ 58.Kd3 Nd5 59.g3 Ke5 60.Nc6+ 
Kd6 61.Nd4 Ke5 62.Nc6+ Kd6 63.Nd4 Ke5 1/2-1/2

[Event "5th American Continental"]
[Site "Sao Paulo BRA"]
[Date "2009.07.27"]
[Round "4.36"]
[White "Aguilar, Andres"]
[Black "Molina, Roberto Junio Brito"]
[Result "1-0"]
[WhiteElo "2191"]
[BlackElo "2370"]
[EventDate "2009.07.25"]
[PlyCount "67"]

1.e4 c5 2.Nc3 Nc6 3.g3 g6 4.Bg2 Bg7 5.d3 d6 6.f4 e6 7.Nf3 Nge7 8.O-O Rb8 
9.a4 a6 10.Be3 Nd4 11.e5 Nef5 12.Bf2 dxe5 13.Nxe5 Qc7 14.Ne4 Nd6 15.c3 
Nxe4 16.dxe4 Nc6 17.Nc4 b6 18.Nd6+ Ke7 19.e5 Rd8 20.Qf3 Na5 21.b4 Nb7 22.
Ne4 Kf8 23.a5 bxa5 24.Nxc5 Nxc5 25.Bxc5+ Kg8 26.Rxa5 Rd2 27.Rf2 Rd7 28.Qe3
Bb7 29.Bd6 Rxd6 30.exd6 Qxc3 31.Qxc3 Bxc3 32.Bxb7 Rxb7 33.Rc5 Bxb4 34.Rc7 
1-0

[Event "5th American Continental"]
[Site "Sao Paulo BRA"]
[Date "2009.07.27"]
[Round "4.37"]
[White "Almeida Junior, Benone Lopes de"]
[Black "Blanco, Cristobal"]
[Result "0-1"]
[WhiteElo "2188"]
[BlackElo "2361"]
[EventDate "2009.07.25"]
[PlyCount "82"]

1.e4 c5 2.Nf3 Nc6 3.d4 cxd4 4.Nxd4 Nf6 5.Nc3 e5 6.Ndb5 d6 7.Bg5 a6 8.Na3 
b5 9.Nd5 Be7 10.Bxf6 Bxf6 11.c4 b4 12.Nc2 a5 13.Qf3 Bg5 14.h4 Be7 15.O-O-O
O-O 16.c5 Bxh4 17.Nb6 Qg5+ 18.Rd2 Bg4 19.Qd3 Bxf2 20.Nxa8 Rxa8 21.Qd5 Rc8 
22.Ba6 Be6 23.Qd3 Rd8 24.cxd6 Nd4 25.Kb1 Bxa2+ 26.Kxa2 b3+ 27.Ka1 bxc2 28.
Bc4 Rxd6 29.Bxf7+ Kxf7 30.Rxf2+ Kg6 31.Rxc2 Nxc2+ 32.Qxc2 Qg4 33.Qa4 Qe6 
34.Rh3 h6 35.Rg3+ Kh7 36.Qc2 Qd7 37.Qc4 Rd4 38.Qc5 Rxe4 39.Qf8 Qa4+ 40.Ra3
Qd1+ 41.Ka2 Qd5+ 0-1

[Event "5th American Continental"]
[Site "Sao Paulo BRA"]
[Date "2009.07.27"]
[Round "4.38"]
[White "Toth, Christian Endre"]
[Black "Terao, Rodrigo Akira"]
[Result "1-0"]
[WhiteElo "2357"]
[BlackElo "2219"]
[EventDate "2009.07.25"]
[PlyCount "87"]

1.d4 Nf6 2.c4 g6 3.Nc3 d5 4.cxd5 Nxd5 5.e4 Nxc3 6.bxc3 Bg7 7.Be3 O-O 8.Qd2
b6 9.Rd1 Bb7 10.d5 c6 11.c4 cxd5 12.cxd5 Nd7 13.Bd3 Rc8 14.Ne2 Nc5 15.O-O 
Qd7 16.Rc1 e6 17.Bxc5 bxc5 18.Bc4 exd5 19.exd5 Rfd8 20.Rfd1 Qg4 21.h3 Qh4 
22.Qa5 Bh6 23.Rc3 Bg7 24.Rcc1 Bh6 25.Rc3 Qe4 26.Ng3 Qe5 27.Rcd3 Qf4 28.
Qxa7 Qxc4 29.Qxb7 Qxa2 30.Ne4 Bg7 31.Nd6 Rb8 32.Qxf7+ Kh8 33.Qe6 Rf8 34.
Nf7+ Rxf7 35.Qxf7 Rf8 36.R3d2 Qa4 37.Qe7 c4 38.Qe4 Re8 39.Qc2 Qa6 40.d6 c3
41.d7 Rd8 42.Re2 Qc6 43.Re8+ Rxe8 44.d8=Q 1-0

[Event "5th American Continental"]
[Site "Sao Paulo BRA"]
[Date "2009.07.27"]
[Round "4.39"]
[White "Barrera Meza, Carlos"]
[Black "Oliveira, Silvio Eduardo"]
[Result "0-1"]
[WhiteElo "2177"]
[BlackElo "2357"]
[EventDate "2009.07.25"]
[PlyCount "56"]

1.e4 c5 2.Nf3 Nc6 3.d4 cxd4 4.Nxd4 e6 5.Nb5 d6 6.Bf4 e5 7.Be3 a6 8.N5c3 
Nf6 9.Bg5 Be7 10.Bxf6 Bxf6 11.Nd2 Be6 12.Nc4 Nd4 13.Nd5 Bxd5 14.exd5 O-O 
15.c3 Nf5 16.Bd3 Ne7 17.a4 Rc8 18.O-O e4 19.Be2 Bg5 20.a5 Ng6 21.g3 f5 22.
f4 exf3 23.Rxf3 f4 24.Qb3 fxg3 25.hxg3 Qe7 26.Kf1 Qe4 27.Nxd6 Rxf3+ 28.Ke1
Rf1+ 0-1

[Event "5th American Continental"]
[Site "Sao Paulo BRA"]
[Date "2009.07.27"]
[Round "4.40"]
[White "Brito, Luismar"]
[Black "Sanchez Castillo, Sarai"]
[Result "0-1"]
[WhiteElo "2351"]
[BlackElo "2202"]
[EventDate "2009.07.25"]
[PlyCount "52"]

1.e4 c5 2.Nf3 Nc6 3.Nc3 g6 4.d4 cxd4 5.Nxd4 Bg7 6.Be3 Nf6 7.Be2 O-O 8.O-O 
d5 9.exd5 Nxd5 10.Nxd5 Qxd5 11.Bf3 Qa5 12.Nxc6 bxc6 13.Qc1 Rb8 14.c3 c5 
15.Rd1 e6 16.Rd6 Bb7 17.Bxb7 Rxb7 18.Rc6 Qb5 19.Rxc5 Qxb2 20.g3 Rd8 21.a4 
Qe2 22.Qf1 Qc2 23.Qc4 h5 24.Kg2 Rb1 25.Rxb1 Qxb1 26.Rc8 Qb7+ 0-1

[Event "5th American Continental"]
[Site "Sao Paulo BRA"]
[Date "2009.07.27"]
[Round "4.45"]
[White "Araujo, Jose Roberto"]
[Black "Romero Pino, Claudio"]
[Result "0-1"]
[WhiteElo "2142"]
[BlackElo "2299"]
[EventDate "2009.07.25"]
[PlyCount "114"]

1.d4 Nf6 2.c4 e6 3.Nc3 Bb4 4.e3 Bxc3+ 5.bxc3 c5 6.Bd3 d6 7.Ne2 O-O 8.O-O 
Nc6 9.e4 Ne8 10.d5 Na5 11.Ng3 e5 12.f4 b6 13.f5 f6 14.Kh1 Qd7 15.Rg1 Ba6 
16.Nf1 Bxc4 17.Be3 Bxd3 18.Qxd3 Nc7 19.g4 Qb5 20.Qc2 Nc4 21.Bc1 h6 22.a4 
Qd7 23.Ne3 Nxe3 24.Bxe3 a6 25.h4 Kf7 26.Kg2 b5 27.a5 Rh8 28.Kf3 Rab8 29.
Qb3 Qc8 30.Rad1 b4 31.c4 Qd7 32.Rg3 Rbg8 33.h5 Ra8 34.Rg2 Nb5 35.cxb5 axb5
36.Ra2 Ra6 37.Rc1 Rc8 38.Bd2 Qd8 39.Bxb4 cxb4 40.Rxc8 Qxc8 41.Qxb4 Qc1 42.
Kg3 Ra7 43.a6 Rc7 44.Kg2 Qf4 45.Qxb5 Qxg4+ 46.Kh2 Qxh5+ 47.Kg2 Qg4+ 48.Kh2
Qf4+ 49.Kg2 Qxe4+ 50.Kh2 Qf4+ 51.Kg2 Qxf5 52.Qb6 Qg4+ 53.Kf2 Rc3 54.Ke1 
Rc1+ 55.Kd2 Qd1+ 56.Ke3 Rc3+ 57.Kf2 Rf3+ 0-1

[Event "5th American Continental"]
[Site "Sao Paulo BRA"]
[Date "2009.07.27"]
[Round "4.46"]
[White "Daneri, Martin"]
[Black "Barbosa, Evandro Amorim"]
[Result "0-1"]
[WhiteElo "2121"]
[BlackElo "2279"]
[EventDate "2009.07.25"]
[PlyCount "108"]

1.c4 Nf6 2.Nc3 g6 3.e4 d6 4.d4 Bg7 5.f4 O-O 6.Nf3 c5 7.d5 e6 8.Be2 exd5 9.
exd5 Re8 10.O-O Bf5 11.Bd3 Ne4 12.Bxe4 Bxe4 13.Ng5 Bf5 14.g4 Bc8 15.f5 Rf8
16.Nce4 Nd7 17.Nxd6 Ne5 18.Nde4 b5 19.Be3 h6 20.f6 Bxg4 21.fxg7 Bxd1 22.
gxf8=Q+ Qxf8 23.Nf6+ Kg7 24.Ngh7 Qc8 25.Raxd1 Qh3 26.Bf4 Nf3+ 27.Kh1 Nh4 
28.Rf2 g5 29.Rg1 Ng6 30.Bg3 bxc4 31.d6 Qc8 32.Rd1 Qc6+ 33.Kg1 Rd8 34.d7 a5
35.Rdd2 a4 36.a3 c3 37.bxc3 c4 38.Rfe2 Qc5+ 39.Kg2 Qc6+ 40.Kh3 Qf3 41.Re4 
h5 42.Rf2 g4+ 43.Rxg4 hxg4+ 44.Nxg4 Qxc3 45.Nhf6 Qd3 46.Ne8+ Kf8 47.Nef6 
Rxd7 48.Nxd7+ Qxd7 49.Rf6 c3 50.Bf2 Kg7 51.Bb6 Qd3+ 52.Kg2 c2 53.Rf1 Qe2+ 
54.Nf2 Nf4+ 0-1

[Event "5th American Continental"]
[Site "Sao Paulo BRA"]
[Date "2009.07.27"]
[Round "4.47"]
[White "Chemin, Justo Reinaldo"]
[Black "Leal, Paulo Tarcisio Garcia"]
[Result "1/2-1/2"]
[WhiteElo "2278"]
[BlackElo "2172"]
[EventDate "2009.07.25"]
[PlyCount "90"]

1.d4 Nf6 2.Nf3 d5 3.e3 e6 4.c4 c5 5.Nc3 Nc6 6.Bd3 dxc4 7.Bxc4 a6 8.O-O Be7
9.Qe2 b5 10.Bb3 O-O 11.Rd1 c4 12.Bc2 Nb4 13.Bb1 Nbd5 14.e4 Nb6 15.e5 Nfd5 
16.Ne4 Bb7 17.Bg5 h6 18.Bd2 Nd7 19.Ng3 Qb6 20.Nh5 f5 21.exf6 N7xf6 22.Ne5 
Bd6 23.Nxf6+ Nxf6 24.Be3 Bd5 25.f4 Qb7 26.f5 exf5 27.Bxf5 Rae8 28.Bg6 Bxe5
29.Bxe8 Bxh2+ 30.Kxh2 Rxe8 31.Kg1 Re4 32.Rf1 c3 33.bxc3 Bc4 34.Qf3 Bxf1 
35.Rxf1 Qf7 36.Bxh6 Qg6 37.Bf4 Re8 38.Be5 Nd7 39.Qd5+ Qe6 40.Qxe6+ Rxe6 
41.Bg3 Re2 42.Rf2 Re1+ 43.Kh2 Rc1 44.a4 Rxc3 45.axb5 axb5 1/2-1/2

[Event "5th American Continental"]
[Site "Sao Paulo BRA"]
[Date "2009.07.27"]
[Round "4.49"]
[White "Prieto Sanabria, Ernesto"]
[Black "Espinoza Palomino, Willyam"]
[Result "0-1"]
[WhiteElo "2104"]
[BlackElo "2272"]
[EventDate "2009.07.25"]
[PlyCount "84"]

1.e4 e5 2.Nf3 Nc6 3.Nc3 Nf6 4.d4 exd4 5.Nd5 Be7 6.Bf4 d6 7.Nxd4 Nxd4 8.
Qxd4 Nxd5 9.exd5 O-O 10.O-O-O Bf6 11.Qd2 a5 12.Bd3 a4 13.a3 b6 14.h4 Ra5 
15.c4 Bd7 16.Qc2 h6 17.Bd2 Ra8 18.Rdg1 Bd4 19.Kb1 Bxf2 20.Rf1 Bd4 21.Rf3 
Be5 22.Rhf1 Qe7 23.Bc3 Rab8 24.Qe2 Bg4 25.Bc2 Bxf3 26.Rxf3 Qxh4 27.Rh3 Qf4
28.Bd2 Qd4 29.Bc1 b5 30.cxb5 Qxd5 31.Bxa4 Qd4 32.Bc2 c6 33.a4 cxb5 34.axb5
Rfc8 35.Rd3 Qc4 36.b6 Ra8 37.Bb3 Qa6 38.b7 Qxb7 39.Bd5 Qa6 40.Bxa8 Rxa8 
41.Kc2 Rc8+ 42.Kd1 Qc4 0-1

[Event "5th American Continental"]
[Site "Sao Paulo BRA"]
[Date "2009.07.27"]
[Round "4.50"]
[White "Caldeira Marques, Adriano"]
[Black "Quintiliano Pinto, Renato Rodrigues"]
[Result "0-1"]
[WhiteElo "2268"]
[BlackElo "2059"]
[EventDate "2009.07.25"]
[PlyCount "68"]

1.e4 c5 2.Nf3 d6 3.d4 cxd4 4.Nxd4 Nf6 5.Nc3 g6 6.Be3 Bg7 7.f3 O-O 8.Qd2 
Nc6 9.Bc4 Bd7 10.O-O-O Rc8 11.Bb3 Ne5 12.Kb1 Re8 13.g4 b5 14.h4 b4 15.Nce2
a5 16.h5 a4 17.hxg6 axb3 18.gxf7+ Kxf7 19.cxb3 Qa5 20.g5 Ra8 21.Nc1 Ng8 
22.Rxh7 Rec8 23.Qh2 Ng6 24.Nc2 Kf8 25.Qh5 Be8 26.Rd5 Rxc2 27.Rf5+ Qxf5 28.
Rxg7 Rxb2+ 29.Kxb2 Qe5+ 30.Kb1 Qxg7 31.Qh2 Qc3 32.Qd2 Rc8 33.Ne2 Qxd2 34.
Bxd2 Ne5 0-1

[Event "5th American Continental"]
[Site "Sao Paulo BRA"]
[Date "2009.07.27"]
[Round "4.51"]
[White "Rodrigues, Nei Jorge"]
[Black "Cordoba Ramirez, Carlos"]
[Result "1/2-1/2"]
[WhiteElo "2033"]
[BlackElo "2268"]
[EventDate "2009.07.25"]
[PlyCount "139"]

1.Nf3 Nf6 2.g3 d5 3.Bg2 c6 4.c4 g6 5.b3 Bg7 6.Bb2 O-O 7.O-O e6 8.d3 Nbd7 
9.Qc2 Re8 10.e4 e5 11.Nc3 d4 12.Ne2 c5 13.Bc1 Nb8 14.Bg5 Nc6 15.Qd2 Qd6 
16.h3 Be6 17.Bh6 Nd7 18.Bxg7 Kxg7 19.Ng5 f6 20.Nxe6+ Qxe6 21.f4 Qe7 22.Rf2
Rf8 23.Raf1 Rae8 24.fxe5 fxe5 25.Rxf8 Nxf8 26.Kh2 Ne6 27.Ng1 Ned8 28.h4 
Nf7 29.Bh3 a6 30.Ne2 Rb8 31.Nc1 b6 32.Qf2 Nd6 33.Qf3 Nd8 34.Qg4 Rb7 35.Kg2
N6f7 36.Kf2 h5 37.Qf3 Nh6 38.Ke1 Ndf7 39.Ne2 Nd6 40.Kd1 b5 41.Nc1 Ne8 42.
g4 hxg4 43.Bxg4 Nf6 44.Bh3 Rb6 45.Rg1 Kh7 46.Ne2 Nh5 47.Rg5 Rf6 48.Bf5 Ng7
49.Rxg6 Nhxf5 50.exf5 bxc4 51.bxc4 Rxg6 52.fxg6+ Kxg6 53.Qg4+ Kh7 54.h5 
Qe8 55.Ng3 Qa4+ 56.Ke1 Qe8 57.Qg5 Qf7 58.Qxe5 Ne6 59.Ne4 Kh6 60.Nxc5 Ng5 
61.Qh8+ Nh7 62.Qxd4 Kxh5 63.Qe5+ Kg4 64.Ne4 Qb7 65.Nf2+ Kf3 66.Qe4+ Qxe4+ 
67.dxe4 Ke3 68.c5 Nf8 69.c6 Ne6 70.Ng4+ 1/2-1/2

[Event "5th American Continental"]
[Site "Sao Paulo BRA"]
[Date "2009.07.27"]
[Round "4.53"]
[White "Nunes, Allan Hurba"]
[Black "Pereira, Silvio Cunha"]
[Result "0-1"]
[WhiteElo "1976"]
[BlackElo "2261"]
[EventDate "2009.07.25"]
[PlyCount "104"]

1.d4 Nf6 2.Nf3 g6 3.c4 Bg7 4.Nc3 d6 5.e4 O-O 6.Be2 Nbd7 7.O-O e5 8.Re1 
exd4 9.Nxd4 Nc5 10.f3 a5 11.Bg5 c6 12.Qd2 a4 13.Rad1 Qa5 14.Kh1 Re8 15.Bf1
Nfd7 16.Nc2 Be5 17.Bf4 Nb6 18.Bxe5 dxe5 19.Ne3 Kg7 20.Nf5+ Bxf5 21.exf5 
Nbd7 22.Bd3 Nf6 23.Bb1 Qb4 24.Ne4 Qxd2 25.Rxd2 Nfxe4 26.fxe4 Rad8 27.Rf2 
f6 28.Bc2 Rd4 29.b3 Red8 30.g4 Rd2 31.Ree2 Rxe2 32.Rxe2 axb3 33.axb3 Na6 
34.Kg2 Nb4 35.Kf2 c5 36.Ke3 Nc6 37.Re1 Nd4 38.Rc1 Ra8 39.Kd3 Ra2 40.h4 
gxf5 41.gxf5 Rxc2 42.Rxc2 Nxc2 43.Kxc2 Kh6 44.b4 Kh5 45.Kb3 Kxh4 46.bxc5 
Kg4 47.Kb4 h5 48.Kb5 h4 49.Kb6 h3 50.Kxb7 h2 51.c6 h1=Q 52.c7 Qxe4+ 0-1

[Event "5th American Continental"]
[Site "Sao Paulo BRA"]
[Date "2009.07.27"]
[Round "4.56"]
[White "Souza, Marcos Valerio"]
[Black "Livshits, Ron"]
[Result "0-1"]
[WhiteElo "2169"]
[BlackElo "2332"]
[EventDate "2009.07.25"]
[PlyCount "112"]

1.e4 c5 2.Nf3 d6 3.d4 cxd4 4.Nxd4 Nf6 5.Nc3 a6 6.Be2 e6 7.Be3 Nc6 8.Qd2 
Nxd4 9.Qxd4 Be7 10.a4 O-O 11.O-O Bd7 12.Rfd1 Qc7 13.Qb6 Qb8 14.a5 Bc6 15.
f3 Nd7 16.Qd4 Qc7 17.Qd2 Rac8 18.Bg5 Nf6 19.Be3 Rfe8 20.Bb6 Qb8 21.Qe3 Nd7
22.Bd4 Qc7 23.f4 e5 24.Bb6 exf4 25.Bxc7 fxe3 26.Bxd6 Bxd6 27.Rxd6 Nc5 28.
Bd3 Bxe4 29.Nxe4 Nxe4 30.Rd4 Nf2 31.Re1 g6 32.Bc4 Kg7 33.Kf1 Rc5 34.b4 Rf5
35.Ke2 h5 36.h3 Re7 37.Rf1 Rg5 38.Bd3 Rge5 39.c4 f5 40.Rb1 Ne4 41.Bxe4 
Rxe4 42.Rbd1 f4 43.b5 Kf6 44.bxa6 bxa6 45.c5 g5 46.Rxe4 Rxe4 47.Rc1 Ke7 
48.c6 Kd8 49.Rc5 g4 50.hxg4 hxg4 51.Rf5 Kc7 52.Rf6 Ra4 53.Kd3 Ra3+ 54.Ke2 
Ra2+ 55.Kf1 f3 56.gxf3 g3 0-1

[Event "5th American Continental"]
[Site "Sao Paulo BRA"]
[Date "2009.07.27"]
[Round "4.57"]
[White "Quinones Paucar, Cesar"]
[Black "Condori Aranya, Edwin"]
[Result "1-0"]
[WhiteElo "2318"]
[BlackElo "2160"]
[EventDate "2009.07.25"]
[PlyCount "91"]

1.e4 d6 2.d4 Nf6 3.Nc3 g6 4.f3 c6 5.Be3 b5 6.Qd2 Nbd7 7.Bd3 Nb6 8.b3 Qc7 
9.Nge2 a6 10.Rc1 Bg7 11.Nd1 c5 12.c3 O-O 13.Bh6 e5 14.O-O c4 15.Bb1 Bb7 
16.Bxg7 Kxg7 17.Ne3 Kh8 18.Ng3 d5 19.dxe5 Qxe5 20.f4 Qe6 21.Qd4 Nd7 22.e5 
Ng8 23.Nef5 Qb6 24.Nd6 Qxd4+ 25.cxd4 Bc6 26.f5 Nb6 27.fxg6 fxg6 28.h4 Kg7 
29.h5 Bd7 30.hxg6 hxg6 31.Ne2 Ne7 32.Nf4 Nbc8 33.Nb7 Nb6 34.Nc5 Kh6 35.
Nfe6 Bxe6 36.Nxe6 Rxf1+ 37.Rxf1 cxb3 38.axb3 Rc8 39.Rf3 Kh5 40.Bd3 g5 41.
Rf6 Rg8 42.Be2+ g4 43.Nf4+ Kg5 44.g3 Nd7 45.Rf7 Re8 46.Bd3 1-0

[Event "5th American Continental"]
[Site "Sao Paulo BRA"]
[Date "2009.07.27"]
[Round "4.58"]
[White "Sega, Carlos Alberto"]
[Black "Lucena, Lincoln"]
[Result "1-0"]
[WhiteElo "2293"]
[BlackElo "2150"]
[EventDate "2009.07.25"]
[PlyCount "75"]

1.c4 Nf6 2.Nc3 c6 3.e4 e5 4.f4 d6 5.Nf3 exf4 6.d4 Nh5 7.Be2 Bg4 8.O-O g6 
9.Ne1 Bxe2 10.Nxe2 Bg7 11.Nxf4 Nxf4 12.Bxf4 O-O 13.Nf3 Na6 14.Qb3 Qd7 15.
Rad1 Rad8 16.c5 d5 17.Bd6 dxe4 18.Ng5 e3 19.Qxe3 Nb4 20.Bxf8 Rxf8 21.Nf3 
Nd5 22.Qd2 Qg4 23.Rde1 f6 24.b4 a6 25.a4 Rd8 26.Kh1 h5 27.h3 Qg3 28.b5 Kh7
29.bxc6 bxc6 30.Re6 Bh6 31.Qe1 Qc7 32.Qe4 Rd7 33.Ne5 Rg7 34.Rxc6 Qb7 35.
Qxd5 fxe5 36.dxe5 Qb4 37.Rd6 Qxa4 38.c6 1-0

[Event "5th American Continental"]
[Site "Sao Paulo BRA"]
[Date "2009.07.27"]
[Round "4.75"]
[White "Ferreira, Euclides Roberto"]
[Black "Salazar, Carlos"]
[Result "1/2-1/2"]
[WhiteElo "1960"]
[BlackElo "2189"]
[EventDate "2009.07.25"]
[PlyCount "88"]

1.e4 c5 2.d4 cxd4 3.Nf3 e6 4.Nxd4 a6 5.Be3 Nf6 6.Nc3 Bb4 7.Bd3 Qc7 8.Ne2 
d6 9.O-O Nbd7 10.a3 Bc5 11.Bxc5 dxc5 12.Ng3 h5 13.Re1 h4 14.Nf1 c4 15.Be2 
b5 16.Qd2 Bb7 17.Qe3 Qc5 18.Qxc5 Nxc5 19.e5 Nfd7 20.f4 g5 21.fxg5 Rg8 22.
Bf3 Bxf3 23.gxf3 Rxg5+ 24.Kf2 Rxe5 25.Ne3 O-O-O 26.a4 Nb7 27.f4 Rh5 28.
axb5 axb5 29.f5 Nd6 30.Red1 Nb6 31.Ra5 b4 32.Na4 Nxa4 33.Rxa4 Ne4+ 34.Ke2 
Rxd1 35.Kxd1 exf5 36.Rxb4 c3 37.b3 Rg5 38.Ke2 h3 39.Nxf5 Rg2+ 40.Kd3 Nf2+ 
41.Kxc3 Nd1+ 42.Kd3 Nb2+ 43.Kc3 Nd1+ 44.Kd3 Nb2+ 1/2-1/2

[Event "5th American Continental"]
[Site "Sao Paulo BRA"]
[Date "2009.07.27"]
[Round "4.79"]
[White "Brandao, Renan Alves"]
[Black "Santiago, Yago de Moura"]
[Result "1-0"]
[WhiteElo "1995"]
[BlackElo "2327"]
[EventDate "2009.07.25"]
[PlyCount "121"]

1.e4 c5 2.Nf3 d6 3.d4 cxd4 4.Nxd4 Nf6 5.Nc3 a6 6.Bg5 e6 7.f4 Nbd7 8.Qf3 
Qc7 9.O-O-O h6 10.Bxf6 Nxf6 11.Bd3 Bd7 12.Rhe1 Bc6 13.Nd5 Qa5 14.Nb3 Qd8 
15.Qg3 Nxd5 16.exd5 Bxd5 17.Bg6 Qf6 18.Rxd5 Be7 19.Rd2 fxg6 20.Nd4 e5 21.
fxe5 dxe5 22.Rxe5 O-O 23.Re6 Qf1+ 24.Rd1 Bg5+ 25.Qxg5 hxg5 26.Rxf1 Rxf1+ 
27.Kd2 Rf2+ 28.Re2 Rxe2+ 29.Kxe2 Kf7 30.h3 Kf6 31.Nf3 Kf5 32.a4 Rc8 33.Kd3
Kf4 34.b4 g4 35.hxg4 Kxg4 36.Ne5+ Kg3 37.Nxg6 Kxg2 38.c4 Kf3 39.Kd4 Rd8+ 
40.Ke5 Ke3 41.c5 Rd4 42.Ne7 Re4+ 43.Kd6 Rxe7 44.Kxe7 Kd4 45.Kd6 Kc4 46.b5 
axb5 47.a5 b4 48.a6 bxa6 49.c6 b3 50.c7 b2 51.c8=Q+ Kb3 52.Qb7+ Kc2 53.
Qe4+ Kc1 54.Qc4+ Kd2 55.Qb3 Kc1 56.Qc3+ Kb1 57.Qxg7 Ka2 58.Qf7+ Ka3 59.
Qf3+ Ka2 60.Qd5+ Ka3 61.Qd3+ 1-0

[Event "5th American Continental"]
[Site "Sao Paulo BRA"]
[Date "2009.07.27"]
[Round "4.80"]
[White "Cuevas Araya, Walter"]
[Black "Wolff, Carlos Alberto"]
[Result "1-0"]
[WhiteElo "2317"]
[BlackElo "2017"]
[EventDate "2009.07.25"]
[PlyCount "53"]

1.d4 d5 2.c4 e6 3.g3 c6 4.Bg2 Nd7 5.Nf3 dxc4 6.O-O Ngf6 7.Nbd2 Be7 8.Nxc4 
O-O 9.Qc2 Re8 10.Rd1 Nb6 11.Nce5 Bd7 12.Ng5 Rf8 13.Ng4 g6 14.Ne5 Ne8 15.
Ngf3 Bf6 16.Bh6 Bg7 17.Bxg7 Nxg7 18.e4 Ne8 19.Qd2 Kg7 20.Ng4 Rh8 21.Qh6+ 
Kg8 22.Nfe5 Qe7 23.Rd3 Nc8 24.Rf3 Ncd6 25.Nxd7 Qxd7 26.e5 Nf5 27.Rxf5 1-0

[Event "5th American Continental"]
[Site "Sao Paulo BRA"]
[Date "2009.07.27"]
[Round "4.81"]
[White "Guerrero Avila, Hernando"]
[Black "Guimaraes, Wagner Peixoto"]
[Result "0-1"]
[WhiteElo "1985"]
[BlackElo "2291"]
[EventDate "2009.07.25"]
[PlyCount "80"]

1.e4 e6 2.d4 d5 3.Nc3 Bb4 4.e5 c5 5.a3 Bxc3+ 6.bxc3 Qc7 7.Bd2 Nc6 8.Nf3 
Nge7 9.Bd3 h6 10.O-O c4 11.Be2 Bd7 12.a4 Qa5 13.Qc1 O-O-O 14.Qa3 Ng6 15.
Rfb1 f6 16.exf6 gxf6 17.Rb5 Qc7 18.a5 a6 19.Rc5 Kb8 20.Qc1 Ka8 21.h3 Qd6 
22.Rb1 Bc8 23.Rb6 e5 24.Qb1 Rhg8 25.Kh1 e4 26.Nh2 f5 27.Bf1 Nf8 28.Qc1 Ne6
29.Rcxc6 bxc6 30.Bxh6 Rg6 31.Bd2 Rdg8 32.Qb1 f4 33.Bc1 Qc7 34.Qb4 Bb7 35.
Bd2 Qg7 36.Rxb7 Qxb7 37.Qd6 Ng5 38.Qxf4 Nxh3 39.Qh4 Ng5 40.Bxg5 Rxg5 0-1

[Event "5th American Continental"]
[Site "Sao Paulo BRA"]
[Date "2009.07.27"]
[Round "4.82"]
[White "Barreto Filho, Carlos Alberto"]
[Black "Casares, Luis Alberto"]
[Result "1-0"]
[WhiteElo "2257"]
[BlackElo "2007"]
[EventDate "2009.07.25"]
[PlyCount "83"]

1.e4 c6 2.d4 d5 3.e5 Bf5 4.Nd2 c5 5.dxc5 e6 6.Nb3 Nc6 7.Nf3 Nge7 8.c3 Ng6 
9.Bb5 Bg4 10.Nbd4 Bxf3 11.Qxf3 Qc7 12.b4 Qxe5+ 13.Be3 Rc8 14.h4 Be7 15.g3 
Bf6 16.O-O Qc7 17.h5 Ne5 18.Qe2 a6 19.Nxc6 Nxc6 20.Bxc6+ Qxc6 21.Bd4 Bxd4 
22.cxd4 O-O 23.a4 f5 24.b5 axb5 25.axb5 Qe8 26.f4 Rf6 27.Ra7 Rh6 28.Re1 
Rb8 29.c6 bxc6 30.Qe5 Qf8 31.Rxg7+ Qxg7 32.Qxb8+ Kf7 33.Qc7+ Kf8 34.Qxg7+ 
Kxg7 35.bxc6 Rf6 36.c7 Rf8 37.Rxe6 Rc8 38.Rc6 Kf7 39.Kg2 Ke7 40.Rh6 Kd7 
41.Rxh7+ Kc6 42.Rg7 1-0